| 000 | 00405nam a22001457a 4500 | ||
|---|---|---|---|
| 005 | 20240306160708.0 | ||
| 008 | 240306b ||||| |||| 00| 0 eng d | ||
| 040 | _cAL | ||
| 041 | _aeng | ||
| 082 |
_223 _a658.15 _bWORK |
||
| 245 | _aWorking Capital in the Entity of G M Lighting Industries | ||
| 260 |
_aMangalore _bSt Aloysius College _c2000 |
||
| 700 |
_aLOBO (Rupesh Vinay) _9153269 |
||
| 942 |
_2ddc _cBK |
||
| 999 |
_c230111 _d230111 |
||